000 00930nam a2200229Ii 4500
003 JO-AjNU
008 230605s9999||||xx |||||||||||||| ||und||
017 _a2011/10/3766
020 _a978-9957-07-974-1
040 _aJO-AjNU
_bara
_erda
_cJO-AjNU
041 _aara
050 1 4 _aHF 5548 .4 .M523 .S56812 2012
100 3 _aتأليف Smith,Gaylord N؛ ترجمة نضال محمود الرمحي,
_eauthor
_943141
245 0 0 _aExcel applications for accounting principles = تطبيقات برنامج الإكسل للمبادئ المحاسبية
250 _aط1
264 3 1 _aعمان: دار الفكر ناشرون وموزعون، 2012
300 _a240ص
336 _atext
_btxt
_2rdacontent
337 _aunmediated
_bn
_2rdamedia
338 _avolume
_bnc
_2rdacarrier
650 4 _aالمحاسبة - معالجة البيانات الكترونيا - برمجيات - مايكروسوفت اكسل
_943142
999 _aA18525
_c22093
_d22093